[Event "WYCC U14 Girls 2019"]
[Site "Mumbai"]
[Date "2019.10.11"]
[Round "10.12"]
[White "Sulyok, Eszter"]
[Black "Ince, Safiye Oyku"]
[Result "0-1"]
[WhiteElo "1893"]
[BlackElo "1840"]
[Annotator "NA"]
[PlyCount "100"]
[EventDate "2019.10.02"]
[EventType "swiss"]
[EventCountry "IND"]
[SourceTitle "playchess.com"]
[Source "ChessBase"]
[SourceQuality "1"]
[TimeControl "40/5400+30:1800+30"]

1. c4 {[%emt 0:00:00]} b6 {[%emt 0:00:00]} 2. Nc3 {[%emt 0:00:03]} Bb7 {[%emt 0:00:00]} 3. e4 {[%emt 0:00:20]} e6 {[%emt 0:00:00]} 4. g3 {[%emt 0:10:04]} f5 {[%emt 0:13:16]} 5. d3 {[%emt 0:01:31]} Nf6 {[%emt 0:03:33]} 6. Bg2 {[%emt 0:00:44]} Bb4 {[%emt 0:03:09]} 7. Bd2 {[%emt 0:02:52]} O-O {[%emt 0:03:13]} 8. Nge2 {[%emt 0:00:39]} Na6 {[%emt 0:06:20]} 9. O-O {[%emt 0:03:47]} Nc5 {[%emt 0:04:58]} 10. Qc2 {[%emt 0:04:57]} fxe4 {[%emt 0:05:04]} 11. dxe4 {[%emt 0:02:37]} Na6 {[%emt 0:06:02]} 12. a3 {[%emt 0:03:40]} Be7 {[%emt 0:00:17]} 13. Rfe1 {[%emt 0:04:19]} Ng4 {[%emt 0:00:21]} 14. b4 {[%emt 0:19:57]} Ne5 {[%emt 0:11:12]} 15. Bf4 {[%emt 0:12:55]} Nxc4 {[%emt 0:05:37]} 16. Nb5 {[%emt 0:00:25]} Nxa3 {[%emt 0:00:26]} 17. Nxa3 {[%emt 0:00:50]} Bxb4 {[%emt 0:02:12]} 18. Red1 {[%emt 0:02:50]} Bc5 {[%emt 0:00:53]} 19. Nc4 {[%emt 0:01:48]} Nb4 {[%emt 0:01:27]} 20. Qc3 {[%emt 0:01:07]} Qe7 {[%emt 0:03:17]} 21. Ne3 {[%emt 0:05:20]} d6 {[%emt 0:01:56]} 22. Nf1 {[%emt 0:07:41]} Qf7 {[%emt 0:02:41]} 23. Rab1 {[%emt 0:03:32]} a5 {[%emt 0:01:29]} 24. Nc1 {[%emt 0:03:01]} e5 {[%emt 0:02:09]} 25. Be3 {[%emt 0:00:05]} Bxe3 {[%emt 0:00:20]} 26. Qxe3 {[%emt 0:00:06]} Ba6 {[%emt 0:00:10]} 27. Rd2 {[%emt 0:02:16]} Rad8 {[%emt 0:03:18]} 28. h3 {[%emt 0:02:19]} c5 {[%emt 0:00:09]} 29. Nh2 {[%emt 0:00:12]} a4 {[%emt 0:01:41]} 30. Nf3 {[%emt 0:00:56]} b5 {[%emt 0:00:44]} 31. Ne2 {[%emt 0:01:48]} Nc6 {[%emt 0:01:03]} 32. Nc3 {[%emt 0:01:56]} Nd4 {[%emt 0:00:01]} 33. Ng5 {[%emt 0:00:13]} Qh5 {[%emt 0:03:04]} 34. g4 {[%emt 0:01:25]} Qh6 {[%emt 0:00:40]} 35. Nd5 {[%emt 0:00:35]} b4 {[%emt 0:01:18]} 36. Nc7 {[%emt 0:00:11]} Bc8 {[%emt 0:01:03]} 37. Ra2 {[%emt 0:00:31]} Rf4 {[%emt 0:01:13]} 38. Nf3 {[%emt 0:00:56]} Nxf3+ {[%emt 0:00:07]} 39. Bxf3 {[%emt 0:00:05]} Qxh3 {[%emt 0:00:45]} 40. Bg2 {[%emt 0:00:01]} Qxe3 {[%emt 0:02:33]} 41. fxe3 {[%emt 0:30:06]} Rf7 {[%emt 0:30:41]} 42. Nd5 {[%emt 0:00:15]} a3 {[%emt 0:00:24]} 43. Bf1 {[%emt 0:00:00]} Bxg4 {[%emt 0:00:00]} 44. Nxb4 {[%emt 0:00:00]} Rb7 {[%emt 0:00:00]} 45. Nc6 {[%emt 0:00:00]} Rxb1 {[%emt 0:00:00]} 46. Nxd8 {[%emt 0:00:00]} Bh3 {[%emt 0:00:00]} 47. Rxa3 {[%emt 0:00:00]} Bxf1 {[%emt 0:00:00]} 48. Ra8 {[%emt 0:00:00]} Kf8 {[%emt 0:00:00]} 49. Nb7+ {[%emt 0:00:00]} Ke7 {[%emt 0:00:00]} 50. Ra7 {[%emt 0:00:00]} Ba6+ {[%emt 0:00:00]} 0-1

[Event "WYCC U14 Girls 2019"]
[Site "Mumbai"]
[Date "2019.10.12"]
[Round "11.1"]
[White "Mungunzul, Bat-Erdene"]
[Black "Rakshitta Ravi"]
[Result "0-1"]
[WhiteElo "1912"]
[BlackElo "2310"]
[Annotator "ChessBase"]
[PlyCount "132"]
[EventDate "2019.10.02"]
[EventType "swiss"]
[EventCountry "IND"]
[SourceTitle "playchess.com"]
[Source "ChessBase"]
[SourceQuality "1"]
[TimeControl "40/5400+30:1800+30"]

1. d4 {[%emt 0:00:00]} Nf6 {[%emt 0:00:08]} 2. c4 {[%emt 0:00:00]} Nc6 {[%emt 0:00:10]} 3. Nf3 {[%emt 0:00:23]} e6 {[%emt 0:00:12]} 4. g3 {[%emt 0:03:00]} Bb4+ {[%emt 0:00:17]} 5. Bd2 {[%emt 0:00:11]} Qe7 {[%emt 0:01:02]} 6. Bg2 {[%emt 0:02:33]} a5 {[%emt 0:02:08]} 7. O-O {[%emt 0:01:28]} Bxd2 {[%emt 0:00:06]} 8. Nbxd2 {[%emt 0:00:28]} d6 {[%emt 0:00:07]} 9. Qa4 {[%emt 0:13:51]} O-O {[%emt 0:02:41]} 10. e4 {[%emt 0:01:02]} e5 {[%emt 0:03:05]} 11. d5 {[%emt 0:03:58]} Nb8 {[%emt 0:07:43]} 12. Ne1 {[%emt 0:02:15]} Bd7 {[%emt 0:03:38]} 13. Qc2 {[%emt 0:02:15]} Na6 {[%emt 0:00:41]} 14. Nd3 {[%emt 0:00:58]} Ng4 {[%emt 0:02:53]} 15. Rae1 {[%emt 0:07:04]} Nb4 {[%emt 0:20:18]} 16. Qb1 {[%emt 0:03:47]} f5 {[%emt 0:01:46]} 17. f3 {[%emt 0:04:04]} Nh6 {[%emt 0:03:53]} 18. a3 {[%emt 0:10:15]} Nxd3 {[%emt 0:00:20]} 19. Qxd3 {[%emt 0:00:09]} f4 {[%emt 0:00:52]} 20. g4 {[%emt 0:02:58]} a4 {[%emt 0:04:40]} 21. Rc1 {[%emt 0:02:08]} b6 {[%emt 0:00:18]} 22. Qe2 {[%emt 0:02:12]} Nf7 {[%emt 0:01:08]} 23. Rfd1 {[%emt 0:01:30]} h5 {[%emt 0:02:26]} 24. h3 {[%emt 0:00:23]} g6 {[%emt 0:03:32]} 25. Qf2 {[%emt 0:03:02]} Kg7 {[%emt 0:00:45]} 26. Kf1 {[%emt 0:00:51]} Rab8 {[%emt 0:06:00]} 27. Ke1 {[%emt 0:05:05]} Rh8 {[%emt 0:01:53]} 28. Rc2 {[%emt 0:04:58]} Rbf8 {[%emt 0:01:15]} 29. Nf1 {[%emt 0:03:11]} hxg4 {[%emt 0:04:48]} 30. hxg4 {[%emt 0:00:18]} Ng5 {[%emt 0:00:06]} 31. Rd3 {[%emt 0:02:28]} Qf6 {[%emt 0:04:22]} 32. Rcc3 {[%emt 0:03:00]} Qd8 {[%emt 0:07:24]} 33. Qd2 {[%emt 0:02:03]} Qc8 {[%emt 0:02:02]} 34. Qf2 {[%emt 0:00:00]} Qd8 {[%emt 0:00:00]} 35. Qd2 {[%emt 0:01:00]} Qc8 {[%emt 0:01:00]} 36. Qd1 {[%emt 0:01:36]} Rhg8 {[%emt 0:00:30]} 37. Nd2 {[%emt 0:00:30]} Qb8 {[%emt 0:00:30]} 38. Qc2 {[%emt 0:00:30]} Rf6 {[%emt 0:00:30]} 39. Qc1 {[%emt 0:07:07]} Rgf8 {[%emt 0:08:15]} 40. Ke2 {[%emt 0:01:04]} R8f7 {[%emt 0:04:04]} 41. Qb1 {[%emt 0:35:13]} Kf8 {[%emt 0:30:26]} 42. Rc1 {[%emt 0:00:00]} Ke7 {[%emt 0:00:00]} 43. Rcc3 {[%emt 0:00:00]} Qh8 {[%emt 0:00:00]} 44. Qg1 {[%emt 0:00:00]} Rh7 {[%emt 0:00:00]} 45. Rc1 {[%emt 0:00:00]} Rff7 {[%emt 0:00:00]} 46. Rdc3 {[%emt 0:00:00]} Rh4 {[%emt 0:00:00]} 47. Rf1 {[%emt 0:00:00]} Rfh7 {[%emt 0:00:00]} 48. Qf2 {[%emt 0:00:00]} Rh2 {[%emt 0:00:00]} 49. Kd1 {[%emt 0:00:00]} R7h3 {[%emt 0:00:00]} 50. Qe2 {[%emt 0:00:00]} Rg3 {[%emt 0:00:00]} 51. Rf2 {[%emt 0:00:00]} Rhxg2 {[%emt 0:00:00]} 52. Rxg2 {[%emt 0:00:00]} Qh1+ {[%emt 0:00:00]} 53. Qf1 {[%emt 0:00:00]} Qxf1+ {[%emt 0:00:00]} 54. Nxf1 {[%emt 0:00:00]} Rxg2 {[%emt 0:00:00]} 55. Nd2 {[%emt 0:00:00]} Kd8 {[%emt 0:00:00]} 56. Ke1 {[%emt 0:00:00]} b5 {[%emt 0:00:00]} 57. c5 {[%emt 0:00:00]} dxc5 {[%emt 0:00:00]} 58. Rxc5 {[%emt 0:00:00]} Bxg4 {[%emt 0:00:00]} 59. fxg4 {[%emt 0:00:00]} Rxd2 {[%emt 0:00:00]} 60. Rxb5 {[%emt 0:00:00]} Rd4 {[%emt 0:00:00]} 61. Rb8+ {[%emt 0:00:00]} Kd7 {[%emt 0:00:00]} 62. Rg8 {[%emt 0:00:00]} Nxe4 {[%emt 0:00:00]} 63. Rxg6 {[%emt 0:00:00]} f3 {[%emt 0:00:00]} 64. Rg7+ {[%emt 0:00:00]} Kd6 {[%emt 0:00:00]} 65. Rf7 {[%emt 0:00:00]} f2+ {[%emt 0:00:00]} 66. Kf1 {[%emt 0:00:00]} Rd1+ {[%emt 0:00:00]} 0-1

[Event "WYCC U14 Girls 2019"]
[Site "Mumbai"]
[Date "2019.10.12"]
[Round "11.2"]
[White "Kamalidenova, Meruert"]
[Black "Roebers, Eline"]
[Result "1-0"]
[WhiteElo "2025"]
[BlackElo "2083"]
[Annotator "NA"]
[PlyCount "63"]
[EventDate "2019.10.02"]
[EventType "swiss"]
[EventCountry "IND"]
[SourceTitle "playchess.com"]
[Source "ChessBase"]
[SourceQuality "1"]
[TimeControl "40/5400+30:1800+30"]

1. d4 {[%emt 0:00:00]} f5 {[%emt 0:00:00]} 2. e4 {[%emt 0:00:00]} fxe4 {[%emt 0:00:00]} 3. Nc3 {[%emt 0:00:00]} Nf6 {[%emt 0:00:04]} 4. Bg5 {[%emt 0:00:11]} c6 {[%emt 0:01:04]} 5. f3 {[%emt 0:00:50]} d5 {[%emt 0:10:51]} 6. fxe4 {[%emt 0:01:45]} Nxe4 {[%emt 0:02:28]} 7. Nxe4 {[%emt 0:01:40]} dxe4 {[%emt 0:00:02]} 8. Bc4 {[%emt 0:03:53]} c5 {[%emt 0:10:29]} 9. Ne2 {[%emt 0:03:16]} Nd7 {[%emt 0:04:31]} 10. O-O {[%emt 0:06:49]} Nf6 {[%emt 0:01:03]} 11. c3 {[%emt 0:02:09]} Qb6 {[%emt 0:09:27]} 12. Bxf6 {[%emt 0:05:49]} exf6 {[%emt 0:00:39]} 13. Nf4 {[%emt 0:00:09]} f5 {[%emt 0:07:36]} 14. Nd5 {[%emt 0:02:45]} Qd6 {[%emt 0:07:25]} 15. Qb3 {[%emt 0:03:27]} Be7 {[%emt 0:21:52]} 16. Rae1 {[%emt 0:04:45]} Bd8 {[%emt 0:05:47]} 17. Bb5+ {[%emt 0:02:56]} Kf8 {[%emt 0:01:25]} 18. Rxe4 {[%emt 0:08:12]} Be6 {[%emt 0:00:13]} 19. Bc4 {[%emt 0:09:58]} Rb8 {[%emt 0:05:08]} 20. Qb5 {[%emt 0:02:58]} g6 {[%emt 0:03:31]} 21. dxc5 {[%emt 0:03:18]} Qd7 {[%emt 0:01:29]} 22. Qb3 {[%emt 0:05:59]} Kg7 {[%emt 0:01:41]} 23. Rd4 {[%emt 0:01:14]} Bxd5 {[%emt 0:02:25]} 24. Rxd5 {[%emt 0:00:38]} Qc7 {[%emt 0:00:32]} 25. Qd1 {[%emt 0:01:42]} Be7 {[%emt 0:00:32]} 26. Qb3 {[%emt 0:00:00]} Bd8 {[%emt 0:00:28]} 27. Qd1 {[%emt 0:01:00]} Be7 {[%emt 0:00:32]} 28. Qd4+ {[%emt 0:00:51]} Kh6 {[%emt 0:00:40]} 29. Rf3 {[%emt 0:00:35]} g5 {[%emt 0:00:45]} 30. Rd7 {[%emt 0:02:14]} Qxc5 {[%emt 0:00:39]} 31. Rh3+ {[%emt 0:00:05]} Kg6 {[%emt 0:00:11]} 32. Bf7+ {[%emt 0:00:03]} 1-0

[Event "WYCC U14 Girls 2019"]
[Site "Mumbai"]
[Date "2019.10.12"]
[Round "11.3"]
[White "Divya Deshmukh"]
[Black "Nasyrova, Ekaterina"]
[Result "1-0"]
[WhiteElo "2358"]
[BlackElo "2137"]
[Annotator "ChessBase"]
[PlyCount "79"]
[EventDate "2019.10.02"]
[EventType "swiss"]
[EventCountry "IND"]
[SourceTitle "playchess.com"]
[Source "ChessBase"]
[SourceQuality "1"]
[TimeControl "40/5400+30:1800+30"]

1. d4 {[%emt 0:00:00]} d5 {[%emt 0:00:00]} 2. c4 {[%emt 0:00:00]} e6 {[%emt 0:00:00]} 3. Nc3 {[%emt 0:00:00]} Nf6 {[%emt 0:00:00]} 4. Nf3 {[%emt 0:00:00]} dxc4 {[%emt 0:01:25]} 5. e3 {[%emt 0:02:33]} c5 {[%emt 0:00:28]} 6. Bxc4 {[%emt 0:00:11]} a6 {[%emt 0:03:31]} 7. a4 {[%emt 0:02:20]} Nc6 {[%emt 0:00:25]} 8. O-O {[%emt 0:00:44]} Be7 {[%emt 0:07:06]} 9. b3 {[%emt 0:09:51]} O-O {[%emt 0:01:10]} 10. Bb2 {[%emt 0:00:29]} cxd4 {[%emt 0:05:21]} 11. Nxd4 {[%emt 0:09:18]} Na5 {[%emt 0:03:09]} 12. Nf3 {[%emt 0:09:19]} Nxc4 {[%emt 0:06:01]} 13. bxc4 {[%emt 0:00:50]} Qa5 {[%emt 0:05:12]} 14. Ne2 {[%emt 0:05:29]} Rd8 {[%emt 0:04:39]} 15. Qc2 {[%emt 0:01:50]} Bd7 {[%emt 0:03:52]} 16. Bc3 {[%emt 0:00:30]} Qc7 {[%emt 0:00:30]} 17. Be5 {[%emt 0:00:30]} Bd6 {[%emt 0:12:28]} 18. Bxf6 {[%emt 0:19:24]} gxf6 {[%emt 0:00:21]} 19. Qb2 {[%emt 0:00:03]} Be7 {[%emt 0:20:51]} 20. Rfc1 {[%emt 0:14:47]} Bc6 {[%emt 0:02:36]} 21. Nfd4 {[%emt 0:00:58]} Be4 {[%emt 0:00:52]} 22. Ng3 {[%emt 0:00:58]} Bg6 {[%emt 0:01:01]} 23. h4 {[%emt 0:09:41]} h6 {[%emt 0:00:49]} 24. c5 {[%emt 0:03:37]} Rd5 {[%emt 0:05:17]} 25. Nde2 {[%emt 0:02:22]} Rad8 26. Nf4 {[%emt 0:01:30]} Rd2 {[%emt 0:03:32]} 27. Qb3 {[%emt 0:00:58]} Bh7 {[%emt 0:00:48]} 28. a5 {[%emt 0:02:43]} Qc6 {[%emt 0:07:07]} 29. Ra4 {[%emt 0:01:03]} Bd3 {[%emt 0:02:50]} 30. Nfh5 {[%emt 0:02:26]} Bb5 {[%emt 0:01:02]} 31. Rf4 {[%emt 0:00:03]} R8d3 {[%emt 0:00:00]} 32. Qb1 {[%emt 0:00:30]} f5 {[%emt 0:00:00]} 33. Qa1 {[%emt 0:00:30]} f6 {[%emt 0:00:00]} 34. Nxf6+ {[%emt 0:00:30]} Kf7 {[%emt 0:00:00]} 35. Nfe4 {[%emt 0:00:30]} Qd7 {[%emt 0:00:00]} 36. Nxd2 {[%emt 0:00:30]} Rxd2 {[%emt 0:00:00]} 37. Nh5 {[%emt 0:00:30]} Qd3 {[%emt 0:00:00]} 38. Qg7+ {[%emt 0:00:30]} Ke8 {[%emt 0:00:00]} 39. Qg8+ {[%emt 0:00:30]} Kd7 {[%emt 0:00:00]} 40. Rd4+ {[%emt 0:00:30]} 1-0

[Event "WYCC U14 Girls 2019"]
[Site "Mumbai"]
[Date "2019.10.12"]
[Round "11.4"]
[White "Allahverdiyeva, Ayan"]
[Black "Bhagyashree Patil"]
[Result "1-0"]
[WhiteElo "2160"]
[BlackElo "1802"]
[Annotator "ChessBase"]
[PlyCount "73"]
[EventDate "2019.10.02"]
[EventType "swiss"]
[EventCountry "IND"]
[SourceTitle "playchess.com"]
[Source "ChessBase"]
[SourceQuality "1"]
[TimeControl "40/5400+30:1800+30"]

1. e4 {[%emt 0:01:07]} e5 {[%emt 0:00:00]} 2. Nf3 {[%emt 0:00:15]} Nc6 {[%emt 0:00:00]} 3. Bb5 {[%emt 0:00:15]} a6 {[%emt 0:00:00]} 4. Ba4 {[%emt 0:00:05]} Nf6 {[%emt 0:00:05]} 5. d3 {[%emt 0:00:28]} b5 {[%emt 0:02:54]} 6. Bb3 {[%emt 0:01:28]} Be7 {[%emt 0:02:47]} 7. g4 {[%emt 0:02:32]} h6 {[%emt 0:24:44]} 8. Nc3 {[%emt 0:02:00]} d6 {[%emt 0:03:44]} 9. g5 {[%emt 0:00:30]} hxg5 {[%emt 0:01:55]} 10. Nxg5 {[%emt 0:00:13]} Rf8 {[%emt 0:00:52]} 11. Be3 {[%emt 0:00:43]} Na5 {[%emt 0:01:56]} 12. Rg1 {[%emt 0:04:30]} Nxb3 {[%emt 0:02:06]} 13. axb3 {[%emt 0:00:08]} Bb7 {[%emt 0:01:33]} 14. Qf3 {[%emt 0:01:33]} Qd7 {[%emt 0:03:15]} 15. Nd5 {[%emt 0:06:46]} Nxd5 {[%emt 0:05:52]} 16. exd5 {[%emt 0:00:07]} Bxg5 {[%emt 0:00:09]} 17. Rxg5 {[%emt 0:00:50]} f6 {[%emt 0:01:50]} 18. Rg6 {[%emt 0:03:55]} O-O-O {[%emt 0:02:05]} 19. Qg2 {[%emt 0:02:11]} Rf7 {[%emt 0:01:35]} 20. c4 {[%emt 0:00:38]} c5 {[%emt 0:06:29]} 21. b4 {[%emt 0:06:25]} bxc4 {[%emt 0:07:39]} 22. bxc5 {[%emt 0:05:38]} dxc5 {[%emt 0:01:34]} 23. dxc4 {[%emt 0:00:49]} Qc7 {[%emt 0:00:06]} 24. Bd2 {[%emt 0:06:39]} Rdd7 {[%emt 0:02:21]} 25. Ba5 {[%emt 0:01:06]} Qd6 {[%emt 0:00:26]} 26. Qh3 {[%emt 0:00:15]} Kb8 {[%emt 0:01:14]} 27. Rg3 {[%emt 0:01:31]} Bc8 {[%emt 0:00:17]} 28. Qe6 {[%emt 0:02:00]} e4 {[%emt 0:15:51]} 29. Rb3+ {[%emt 0:00:37]} Ka8 {[%emt 0:00:11]} 30. Qxd6 {[%emt 0:02:11]} Rxd6 {[%emt 0:00:09]} 31. Bb6 {[%emt 0:00:04]} f5 {[%emt 0:03:38]} 32. Ra5 {[%emt 0:04:14]} f4 {[%emt 0:01:39]} 33. Rxc5 {[%emt 0:00:11]} Bg4 {[%emt 0:04:14]} 34. h3 {[%emt 0:01:35]} Bf5 {[%emt 0:00:20]} 35. Bc7 {[%emt 0:00:07]} Rh6 {[%emt 0:01:15]} 36. Bxf4 {[%emt 0:00:56]} Rxh3 {[%emt 0:00:13]} 37. Rb6 {[%emt 0:01:52]} 1-0

[Event "WYCC U14 Girls 2019"]
[Site "Mumbai"]
[Date "2019.10.12"]
[Round "11.5"]
[White "Omonova, Umida"]
[Black "Velpula Sarayu"]
[Result "1/2-1/2"]
[WhiteElo "2078"]
[BlackElo "1717"]
[Annotator "NA"]
[PlyCount "70"]
[EventDate "2019.10.02"]
[EventType "swiss"]
[EventCountry "IND"]
[SourceTitle "playchess.com"]
[Source "ChessBase"]
[SourceQuality "1"]
[TimeControl "40/5400+30:1800+30"]

1. e4 c5 2. Nf3 g6 3. d4 cxd4 4. Nxd4 Nc6 5. c4 Nf6 6. Nc3 d6 7. Be2 Nxd4 8. Qxd4 Bg7 9. Be3 O-O 10. Qd2 a5 11. O-O a4 12. Rad1 Be6 13. f3 Qa5 14. Nd5 Nxd5 15. exd5 Qxd2 16. Rxd2 Bd7 17. Re1 a3 18. b3 Bc3 19. Bd3 Rfe8 20. Red1 Bxd2 21. Rxd2 e6 22. dxe6 Rxe6 23. Bf2 Bc6 24. Kf1 Rc8 25. Bd4 Rb8 26. Bf2 Rc8 27. Bd4 Rb8 28. Bb6 Rbe8 29. Ba5 d5 30. Bb4 dxc4 31. Bxc4 Re5 32. Bxa3 b5 33. Bd3 Rd8 34. Bb4 Red5 35. Ke2 Re8+ 1/2-1/2

[Event "WYCC U14 Girls 2019"]
[Site "Mumbai"]
[Date "2019.10.12"]
[Round "11.6"]
[White "Ince, Safiye Oyku"]
[Black "Poliakova, Varvara"]
[Result "0-1"]
[WhiteElo "1840"]
[BlackElo "2042"]
[Annotator "NA"]
[PlyCount "112"]
[EventDate "2019.10.02"]
[EventType "swiss"]
[EventCountry "IND"]
[SourceTitle "playchess.com"]
[Source "ChessBase"]
[SourceQuality "1"]
[TimeControl "40/5400+30:1800+30"]

1. e4 {[%emt 0:00:00]} e5 {[%emt 0:00:00]} 2. Nc3 {[%emt 0:00:00]} Nf6 {[%emt 0:00:00]} 3. g3 {[%emt 0:00:00]} Bc5 {[%emt 0:02:57]} 4. Bg2 {[%emt 0:00:00]} Nc6 {[%emt 0:03:25]} 5. d3 {[%emt 0:00:12]} O-O {[%emt 0:00:55]} 6. Nge2 {[%emt 0:00:08]} Re8 {[%emt 0:01:48]} 7. O-O {[%emt 0:00:30]} a6 {[%emt 0:02:23]} 8. h3 {[%emt 0:03:07]} Ne7 {[%emt 0:13:10]} 9. Bg5 {[%emt 0:12:01]} Ng6 {[%emt 0:07:29]} 10. Nd5 {[%emt 0:00:10]} c6 {[%emt 0:01:09]} 11. Nxf6+ {[%emt 0:01:59]} gxf6 {[%emt 0:01:31]} 12. Be3 {[%emt 0:00:03]} Bb6 {[%emt 0:04:17]} 13. Bxb6 {[%emt 0:01:18]} Qxb6 {[%emt 0:00:02]} 14. d4 {[%emt 0:00:07]} d6 {[%emt 0:02:25]} 15. f4 {[%emt 0:01:03]} exd4 {[%emt 0:04:23]} 16. Nxd4 {[%emt 0:00:10]} f5 {[%emt 0:01:51]} 17. exf5 {[%emt 0:15:59]} Bxf5 {[%emt 0:00:25]} 18. Rf2 {[%emt 0:00:10]} Bd7 {[%emt 0:04:44]} 19. f5 {[%emt 0:00:14]} Ne5 {[%emt 0:02:20]} 20. f6 {[%emt 0:03:17]} Kh8 {[%emt 0:05:46]} 21. Be4 {[%emt 0:11:38]} Rg8 {[%emt 0:07:57]} 22. Kh2 {[%emt 0:07:51]} Rg5 {[%emt 0:03:22]} 23. Rf4 {[%emt 0:01:27]} Ng6 {[%emt 0:04:52]} 24. h4 {[%emt 0:03:06]} Re5 {[%emt 0:03:49]} 25. Bxg6 {[%emt 0:01:13]} hxg6 {[%emt 0:00:41]} 26. Qd2 {[%emt 0:02:32]} Kh7 {[%emt 0:01:15]} 27. h5 {[%emt 0:06:27]} Rxh5+ {[%emt 0:02:35]} 28. Rh4 {[%emt 0:00:05]} Qc5 {[%emt 0:04:50]} 29. Re1 {[%emt 0:00:49]} Rxh4+ {[%emt 0:00:34]} 30. gxh4 {[%emt 0:00:05]} Re8 {[%emt 0:00:44]} 31. Rxe8 {[%emt 0:00:58]} Bxe8 {[%emt 0:00:01]} 32. Nf3 {[%emt 0:00:09]} Bd7 {[%emt 0:02:28]} 33. Qe2 {[%emt 0:00:22]} Kg8 {[%emt 0:02:00]} 34. Qd2 {[%emt 0:00:38]} Kh7 {[%emt 0:00:00]} 35. Qe2 {[%emt 0:00:22]} Kg8 {[%emt 0:01:00]} 36. Kg3 {[%emt 0:04:17]} Be6 {[%emt 0:01:04]} 37. Qd2 {[%emt 0:00:56]} Kf8 {[%emt 0:05:51]} 38. Kh2 {[%emt 0:00:00]} Kg8 {[%emt 0:00:00]} 39. Kg3 {[%emt 0:01:00]} Kf8 {[%emt 0:01:00]} 40. Kh2 {[%emt 0:00:00]} Kg8 {[%emt 0:00:00]} 41. Kg3 {[%emt 0:31:00]} Kf8 {[%emt 0:31:00]} 42. Qh6+ {[%emt 0:02:27]} Ke8 {[%emt 0:00:01]} 43. Qh8+ {[%emt 0:00:17]} Kd7 {[%emt 0:00:02]} 44. Qf8 {[%emt 0:00:19]} Kc7 {[%emt 0:00:56]} 45. Qe7+ {[%emt 0:00:45]} Kb6 {[%emt 0:00:23]} 46. Ng5 {[%emt 0:01:46]} Qe5+ {[%emt 0:03:32]} 47. Kf3 {[%emt 0:04:16]} Bd5+ {[%emt 0:01:02]} 48. Kf2 {[%emt 0:00:02]} Qxb2 {[%emt 0:00:00]} 49. Nxf7 {[%emt 0:00:00]} Qxc2+ {[%emt 0:00:00]} 50. Kg3 {[%emt 0:00:00]} Qg2+ {[%emt 0:00:00]} 51. Kf4 {[%emt 0:00:00]} Qf3+ {[%emt 0:00:00]} 52. Kg5 {[%emt 0:00:00]} Qh5+ {[%emt 0:00:00]} 53. Kf4 {[%emt 0:00:00]} Bxf7 {[%emt 0:00:00]} 54. Qxd6 {[%emt 0:00:00]} Qxh4+ {[%emt 0:00:00]} 55. Ke3 {[%emt 0:00:00]} Qg5+ {[%emt 0:00:00]} 56. Kf2 {[%emt 0:00:00]} Qc5+ {[%emt 0:00:00]} 0-1

[Event "WYCC U14 Girls 2019"]
[Site "Mumbai"]
[Date "2019.10.12"]
[Round "11.7"]
[White "Swara Lakshmi S Nair"]
[Black "Wikar, Martyna"]
[Result "0-1"]
[WhiteElo "1536"]
[BlackElo "1969"]
[Annotator "NA"]
[PlyCount "156"]
[EventDate "2019.10.02"]
[EventType "swiss"]
[EventCountry "IND"]
[SourceTitle "playchess.com"]
[Source "ChessBase"]
[SourceQuality "1"]
[TimeControl "40/5400+30:1800+30"]

1. e4 c5 2. Nf3 d6 3. d4 cxd4 4. Nxd4 Nf6 5. Nc3 a6 6. Bc4 e6 7. O-O b5 8. Bb3 Be7 9. f4 O-O 10. Qf3 Qc7 11. a3 Nc6 12. Be3 Bb7 13. Rad1 Rfd8 14. f5 Nxd4 15. Bxd4 e5 16. Be3 Bc6 17. Bg5 Qb6+ 18. Kh1 Rac8 19. Bxf6 Bxf6 20. Bd5 Be8 21. Bb3 Bc6 22. Qh5 Rd7 23. Bd5 Qd8 24. Rf2 h6 25. Bxc6 Rxc6 26. Nd5 Rc4 27. Re2 Kh7 28. c3 a5 29. Re3 Bg5 30. Re2 Bf6 31. Re3 a4 32. Rde1 Bh4 33. Rd1 Bg5 34. Re2 Bf6 35. Rf1 Rb7 36. Rf3 Rd7 37. Rh3 Rb7 38. Re1 Rd7 39. Re2 Rb7 40. Re1 Ra7 41. Rd3 Rb7 42. Qf3 Rd7 43. Red1 Rc5 44. Nb4 Bg5 45. Rd5 Kg8 46. Qd3 Qb6 47. Rxd6 Rxd6 48. Qxd6 Qxd6 49. Rxd6 Rc4 50. Nd3 Rxe4 51. Kg1 Re2 52. Kf1 Rd2 53. Rd5 e4 54. Nb4 Rxb2 55. Rxb5 e3 56. Re5 Rb3 57. h4 Bxh4 58. Rxe3 Rxa3 59. Re8+ Kh7 60. Ra8 Rxc3 61. Rxa4 Rc4 62. Ke2 Be7 63. Ra7 Bxb4 64. Rxf7 Kg8 65. Rb7 Bd6 66. Rb6 Be5 67. Rg6 Bf6 68. g4 Kf7 69. Kf3 Rc3+ 70. Kf2 Ke7 71. Ke2 Kd6 72. Kd2 Ra3 73. Ke2 Ke5 74. Kf1 Ra2 75. Kg1 Kf4 76. Kf1 Ke3 77. Kg1 Kf3 78. Kh1 Kg3 0-1